000 00965nam a22003017a 4500
001 BR2012001375
003 BR-BrBNA
005 20230928103900.0
007 ta
008 230509b bl.||||| |||| 00| 0 por d
040 _aBR-BrBNA
_bpor
_cBiblioteca Nacional de Agricultura
041 _a(Por)
072 _aQ70
090 _ Q70 BR2012001375
110 1 _aAssociação Brasileira de Reciclagem Animal, Brasília, DF (Brasil)
_9865
245 1 _a1. Diagnóstico da indústria brasileira de reciclagem animal: conheça o que a ABRA tem feito pelo setor
260 3 _aBrasília, DF (Brasil):
_c[nd].
300 _a80 p.
500 _aPublished 20120?; 35 ref.; 21 illus.; 24 graphs.; 33 tables
650 _aPRODUÇÃO DE CARNE
650 _aRECICLAGEM ANIMAL
650 _aINDÚSTRIA ALIMENTÍCIA
650 _aDISTRIBUIÇÃO GEOGRÁFICA
650 _aEXPORTAÇÃO
650 _aIMPOSTO
909 _a202309
_bLucia
_c55
_dLucia Elande
942 _cBK
999 _c77063
_d77063